[Event "Manila PSC Cup"]
[Site "Manila"]
[Date "2013.01.17"]
[Round "6"]
[White "Amgalanbaatar, Ravdanlkhumbuu"]
[Black "Docena, Jerad"]
[Result "1/2-1/2"]
[WhiteElo "2097"]
[BlackElo "2021"]
[PlyCount "126"]
[EventDate "2013.01.14"]
[EventType "swiss"]
[EventRounds "9"]
[EventCountry "PHI"]
[SourceTitle "OM OTB B 201907"]
[Source "Opening Master"]
[SourceDate "2019.07.06"]
[SourceVersion "2"]
[SourceVersionDate "2019.07.06"]
[SourceQuality "1"]

1. e4 c5 2. Nf3 d6 3. d4 cxd4 4. Nxd4 Nf6 5. Nc3 Nc6 6. Be2 e5 7. Nf3 h6 8. O-O
Be7 9. h3 O-O 10. Re1 Be6 11. Bf1 Qd7 12. Bd2 Rad8 13. Qe2 Rc8 14. Be3 Nh7 15.
Rad1 Kh8 16. Nd5 Bd8 17. Bc1 f5 18. exf5 Bxf5 19. b3 Nd4 20. Nxd4 exd4 21. Rxd4
Rxc2 22. Rd2 Rxd2 23. Bxd2 Ng5 24. Qh5 Bh7 25. Nf4 Bb6 26. Be3 Bxe3 27. fxe3
Qe7 28. Ng6+ Bxg6 29. Qxg6 Rf6 30. Qc2 Qe6 31. Bd3 d5 32. Re2 Rf8 33. Qd2 Qe5
34. Rf2 Re8 35. Bg6 Ne4 36. Bxe4 Qxe4 37. Rf3 Kg8 38. Qa5 a6 39. Qb6 Re7 40.
Qc5 Qe5 41. Qc8+ Kh7 42. Qc2+ Kg8 43. Qf2 Qe4 44. Qd2 Re6 45. Qf2 Kh7 46. Kh1
b6 47. Kh2 b5 48. Qb2 Re7 49. Kg1 Kg8 50. Qc3 Kh7 51. Kf2 Qb1 52. a3 Re6 53. b4
Rg6 54. Qd2 Qh1 55. Rg3 Rf6+ 56. Rf3 Rxf3+ 57. Kxf3 Qf1+ 58. Kg3 Qf5 59. Qd4
Kg8 60. Qg4 Qd3 61. Qe6+ Kh7 62. Kf4 Qxa3 63. Qf5+ Kh8 1/2-1/2

[Event "St Petersburg Blockade op"]
[Site "St Petersburg"]
[Date "2013.01.11"]
[Round "9"]
[White "Ngnegevo, Filipp"]
[Black "Timirev, Sergey"]
[Result "1/2-1/2"]
[WhiteElo "2016"]
[BlackElo "1817"]
[PlyCount "84"]
[EventDate "2013.01.03"]
[EventType "swiss"]
[EventRounds "9"]
[EventCountry "RUS"]
[SourceTitle "OM OTB B 201907"]
[Source "Opening Master"]
[SourceDate "2019.07.06"]
[SourceVersion "2"]
[SourceVersionDate "2019.07.06"]
[SourceQuality "1"]

1. e4 c5 2. Nf3 Nc6 3. d4 cxd4 4. Nxd4 Nf6 5. Nc3 d6 6. Be2 e5 7. Nb3 Be7 8.
O-O O-O 9. Be3 Be6 10. f4 exf4 11. Bxf4 d5 12. exd5 Nxd5 13. Nxd5 Qxd5 14. Qxd5
Bxd5 15. Rad1 Be4 16. c3 Rad8 17. Bc4 Bc2 18. Rxd8 Rxd8 19. Bc7 Rf8 20. Bg3 Bg6
21. Rd1 Rd8 22. Rxd8+ Nxd8 23. Bd5 Bf5 24. Nd4 Bd7 25. Kf1 a6 26. Ke2 Nc6 27.
Nxc6 Bxc6 28. Bxc6 bxc6 29. a4 Kf8 30. Kd3 Ke8 31. Bf2 Kd7 32. Kc4 Bd6 33. h3
h5 34. b4 g5 35. g4 hxg4 36. hxg4 Ke6 37. b5 cxb5+ 38. axb5 axb5+ 39. Kxb5 f5
40. gxf5+ Kxf5 41. Kc6 Ke6 42. c4 g4 1/2-1/2

[Event "Staufer op 25th"]
[Site "Schwaebisch Gmuend"]
[Date "2013.01.06"]
[Round "9"]
[White "Schroeder, Jan Christian"]
[Black "Zubarev, Alexander2"]
[Result "1/2-1/2"]
[WhiteElo "2300"]
[BlackElo "2595"]
[PlyCount "106"]
[EventDate "2013.01.02"]
[EventType "swiss"]
[EventRounds "9"]
[EventCountry "GER"]
[SourceTitle "OM OTB B 201907"]
[Source "Opening Master"]
[SourceDate "2019.07.06"]
[SourceVersion "2"]
[SourceVersionDate "2019.07.06"]
[SourceQuality "1"]

1. e4 c5 2. Nf3 d6 3. d4 cxd4 4. Nxd4 Nf6 5. Nc3 Nc6 6. Be2 e5 7. Nf3 h6 8. O-O
Be7 9. Re1 O-O 10. h3 Be6 11. Bf1 Qd7 12. Nd5 Bd8 13. c4 Nh7 14. b3 Ng5 15. Bb2
Nxf3+ 16. Qxf3 f5 17. Bd3 Bxd5 18. cxd5 Ne7 19. exf5 Nxf5 20. Qg4 Bb6 21. Kh2
Qf7 22. f4 Ne3 23. Rxe3 Bxe3 24. fxe5 Qf4+ 25. Kh1 Qxg4 26. hxg4 Rf2 27. Rb1
dxe5 28. Bxe5 Rd2 29. Bf5 Kf7 30. Re1 Bf2 31. Be6+ Kg6 32. Rc1 Bb6 33. d6 Re8
34. Bf4 Rxa2 35. Bf5+ Kf6 36. d7 Rd8 37. Re1 Ra5 38. Bd6 Rxf5 39. Be7+ Kf7 40.
Bxd8 Rd5 41. Bxb6 axb6 42. g5 h5 43. Re5 Rxd7 44. g6+ Kxg6 45. Re6+ Kf5 46.
Rxb6 g5 47. Kh2 Kf4 48. Rb4+ Ke3 49. Rb5 Rg7 50. Kg3 h4+ 51. Kh3 Kf2 52. Rf5+
Kg1 53. g3 hxg3 1/2-1/2

[Event "FRA-chT U20 GpA 1213"]
[Site "France"]
[Date "2013.01.06"]
[Round "7"]
[White "Poulet, Pierre Emmanuel"]
[Black "Bianchi, Tobias"]
[Result "1-0"]
[WhiteElo "2085"]
[BlackElo "1738"]
[PlyCount "125"]
[EventDate "2012.12.01"]
[EventType "team"]
[EventRounds "7"]
[EventCountry "FRA"]
[SourceTitle "OM OTB B 201907"]
[Source "Opening Master"]
[SourceDate "2019.07.06"]
[SourceVersion "2"]
[SourceVersionDate "2019.07.06"]
[SourceQuality "1"]

1. e4 c5 2. Nf3 Nc6 3. d4 cxd4 4. Nxd4 Nf6 5. Nc3 d6 6. Be2 e5 7. Nf3 Be7 8.
Bg5 h6 9. Bxf6 Bxf6 10. Nd5 Be7 11. O-O O-O 12. c3 Be6 13. Nd2 Bxd5 14. exd5
Nb8 15. c4 Nd7 16. b4 f5 17. Qb3 Kh8 18. Rfd1 b6 19. a3 Bf6 20. Qc2 e4 21. Rab1
Be5 22. Nb3 Rc8 23. Qd2 Qf6 24. Qe3 g5 25. Nd4 Bxd4 26. Qxd4 Qxd4 27. Rxd4 Ne5
28. Rc1 Rf7 29. g4 Nf3+ 30. Bxf3 exf3 31. gxf5 Rxf5 32. Re1 Re5 33. Rde4 Rxc4
34. Rxe5 dxe5 35. h3 e4 36. Rd1 Rc7 37. Rd4 Rd7 38. Kh2 Kg7 39. Rxe4 Rxd5 40.
Re7+ Kf6 41. Rxa7 b5 42. Ra6+ Kg7 43. Kg3 Rf5 44. Rc6 Rf6 45. Rc5 Ra6 46. Rc3
Rf6 47. Rc5 Ra6 48. Kxf3 Rxa3+ 49. Kg2 Kg6 50. Rxb5 Kh5 51. Rb6 Rb3 52. f3 Rb2+
53. Kg3 Rb3 54. b5 Rb4 55. Kf2 Rb3 56. Kg3 Rb4 57. Rb8 Kg6 58. b6 h5 59. Rg8+
Kf6 60. Rb8 h4+ 61. Kf2 Rb3 62. b7 Ke7 63. Rh8 1-0

[Event "FRA-chT U20 GpB 1213"]
[Site "France"]
[Date "2013.01.05"]
[Round "6"]
[White "Rioland, Paul"]
[Black "Dumas, Charles"]
[Result "0-1"]
[WhiteElo "1845"]
[BlackElo "2020"]
[PlyCount "46"]
[EventDate "2012.12.01"]
[EventType "team"]
[EventRounds "7"]
[EventCountry "FRA"]
[SourceTitle "OM OTB B 201907"]
[Source "Opening Master"]
[SourceDate "2019.07.06"]
[SourceVersion "2"]
[SourceVersionDate "2019.07.06"]
[SourceQuality "1"]

1. e4 c5 2. Nf3 Nc6 3. d4 cxd4 4. Nxd4 Nf6 5. Nc3 d6 6. Be2 e5 7. Nb3 Be7 8.
O-O O-O 9. Be3 a5 10. f4 a4 11. Nd2 exf4 12. Rxf4 Be6 13. Nc4 Bxc4 14. Bxc4 Ne5
15. Bb5 a3 16. b3 Qa5 17. Nd5 Nxd5 18. Qxd5 Bg5 19. Bd2 Qb6+ 20. Kh1 Bxf4 21.
Bxf4 Ng4 22. h3 Nf6 23. Bxd6 Nxd5 0-1

[Event "Sao Paulo Hebraica 16th"]
[Site "Sao Paulo"]
[Date "2013.01.05"]
[Round "2"]
[White "Branchini, Fernando Luis Sakam"]
[Black "Ribeiro, Marcos Willian de S"]
[Result "1/2-1/2"]
[WhiteElo "1976"]
[BlackElo "1963"]
[PlyCount "53"]
[EventDate "2013.01.04"]
[EventType "tourn"]
[EventRounds "9"]
[EventCountry "BRA"]
[SourceTitle "OM OTB B 201907"]
[Source "Opening Master"]
[SourceDate "2019.07.06"]
[SourceVersion "2"]
[SourceVersionDate "2019.07.06"]
[SourceQuality "1"]

1. e4 c5 2. Nf3 Nc6 3. d4 cxd4 4. Nxd4 d6 5. Nc3 Nf6 6. Be2 e5 7. Nb3 Be6 8.
Be3 d5 9. exd5 Nxd5 10. Nxd5 Bxd5 11. O-O f5 12. f4 Bxb3 13. axb3 Qxd1 14.
Raxd1 Nd4 15. Bxd4 exd4 16. Bb5+ Kf7 17. Bc4+ Kf6 18. Rfe1 g6 19. Re5 Rd8 20.
c3 Bd6 21. Re6+ Kg7 22. cxd4 Bxf4 23. Re7+ Kh6 24. d5 b6 25. Bb5 a5 26. Rd3 Bd6
27. Rb7 1/2-1/2

[Event "St Petersburg Blockade op"]
[Site "St Petersburg"]
[Date "2013.01.04"]
[Round "2"]
[White "Katyshkina, Anastasia"]
[Black "Kiseleva, Arina"]
[Result "1/2-1/2"]
[WhiteElo "1889"]
[BlackElo "1936"]
[PlyCount "79"]
[EventDate "2013.01.03"]
[EventType "swiss"]
[EventRounds "9"]
[EventCountry "RUS"]
[SourceTitle "OM OTB B 201907"]
[Source "Opening Master"]
[SourceDate "2019.07.06"]
[SourceVersion "2"]
[SourceVersionDate "2019.07.06"]
[SourceQuality "1"]

1. e4 c5 2. Nf3 d6 3. d4 cxd4 4. Nxd4 Nf6 5. Nc3 Nc6 6. Be2 e5 7. Nb3 Be7 8.
Be3 Be6 9. f4 exf4 10. Bxf4 O-O 11. O-O a5 12. Kh1 d5 13. exd5 Nxd5 14. Nxd5
Bxd5 15. c3 a4 16. Nd4 Nxd4 17. Qxd4 a3 18. b3 Bf6 19. Qd2 Bc6 20. Qc2 Qa5 21.
Rac1 Rad8 22. Bd3 g6 23. Bh6 Bg7 24. Bxg7 Kxg7 25. Bc4 Bd5 26. b4 Qc7 27. Bxd5
Rxd5 28. c4 Rh5 29. Qc3+ Qe5 30. h3 Qxc3 31. Rxc3 Rh4 32. Kh2 Rc8 33. g4 h5 34.
Kg3 g5 35. Rf5 f6 36. Rb5 Rc7 37. c5 hxg4 38. hxg4 Rd7 39. Rxa3 Kg6 40. Rf3
1/2-1/2

[Event "Hastings Masters op 88th"]
[Site "Hastings"]
[Date "2013.01.03"]
[Round "7"]
[White "Sihite, Chelsie Monica"]
[Black "Vovk, Andrey"]
[Result "0-1"]
[WhiteElo "2277"]
[BlackElo "2567"]
[PlyCount "64"]
[EventDate "2012.12.28"]
[EventType "swiss"]
[EventRounds "10"]
[EventCountry "ENG"]
[SourceTitle "OM OTB B 201907"]
[Source "Opening Master"]
[SourceDate "2019.07.06"]
[SourceVersion "2"]
[SourceVersionDate "2019.07.06"]
[SourceQuality "1"]

1. e4 c5 2. Nf3 d6 3. d4 cxd4 4. Nxd4 Nf6 5. Nc3 Nc6 6. Be2 e5 7. Nb3 Be7 8.
O-O O-O 9. Kh1 a6 10. a4 Nb4 11. Bf3 Be6 12. Re1 Rc8 13. Nd2 d5 14. exd5 Nfxd5
15. Ndb1 Nxc3 16. bxc3 Qxd1 17. Bxd1 Nd5 18. Bf3 f6 19. a5 Rfd8 20. Ba3 Kf7 21.
Kg1 Rd7 22. g3 Nxc3 23. Bxe7 Kxe7 24. Na3 Rc5 25. Re3 Nd5 26. Rb3 Nc3 27. Rb6
e4 28. Re1 Rxa5 29. Bxe4 Re5 30. Re3 Nxe4 31. f4 Bh3 32. Re1 Rd2 0-1

[Event "Ogolnopolski-ch 55th"]
[Site "Zamosc"]
[Date "2013.??.??"]
[Round "9"]
[White "Chrzaszcz, Malvina"]
[Black "Lapa, Aleksandra"]
[Result "1-0"]
[WhiteElo "2042"]
[BlackElo "1582"]
[PlyCount "87"]
[EventDate "2013.06.07"]
[EventType "swiss"]
[EventRounds "9"]
[EventCountry "POL"]
[SourceTitle "OM OTB B 201907"]
[Source "Opening Master"]
[SourceDate "2019.07.06"]
[SourceVersion "2"]
[SourceVersionDate "2019.07.06"]
[SourceQuality "1"]

1. e4 c5 2. Nf3 Nc6 3. Nc3 d6 4. d4 cxd4 5. Nxd4 Nf6 6. Be2 e5 7. Nf3 Be7 8.
O-O O-O 9. Re1 h6 10. h3 Be6 11. Bf1 a6 12. Nd5 Bxd5 13. exd5 Nb8 14. c4 Nbd7
15. a3 Nh7 16. b4 b6 17. Qe2 Re8 18. Bb2 Ng5 19. Nd2 f5 20. Nb3 Bf6 21. Rac1
Ne4 22. Qh5 Bg5 23. Rc2 Kh7 24. Qf3 g6 25. g4 Bf4 26. Bc1 Ng5 27. Qg2 Bxc1 28.
Rexc1 e4 29. Nd4 Ne5 30. Be2 f4 31. f3 e3 32. h4 Ngf7 33. Ne6 Qxh4 34. Nc7 Ng5
35. Nxa8 Rxa8 36. c5 h5 37. cxb6 hxg4 38. b7 Rb8 39. Rc7+ Kh6 40. fxg4 f3 41.
Bxf3 Ngxf3+ 42. Kf1 Nd4 43. g5+ Qxg5 44. Qxg5+ 1-0

[Event "POL-ch U18"]
[Site "Szczyrk"]
[Date "2013.??.??"]
[Round "7"]
[White "Lewicki, Miroslaw"]
[Black "Tomsia, Kamil"]
[Result "0-1"]
[WhiteElo "2208"]
[BlackElo "2141"]
[PlyCount "99"]
[EventDate "2013.03.17"]
[EventType "swiss"]
[EventRounds "9"]
[EventCountry "POL"]
[SourceTitle "OM OTB B 201907"]
[Source "Opening Master"]
[SourceDate "2019.07.06"]
[SourceVersion "2"]
[SourceVersionDate "2019.07.06"]
[SourceQuality "1"]

1. e4 c5 2. Nf3 d6 3. d4 cxd4 4. Nxd4 Nf6 5. Nc3 Nc6 6. Be2 e5 7. Nb3 Be7 8.
O-O O-O 9. Be3 a5 10. f3 Be6 11. Nd5 Bxd5 12. exd5 Nb4 13. c4 b6 14. f4 Qc7 15.
a3 Na6 16. Qe1 Nd7 17. fxe5 dxe5 18. Bd3 Nac5 19. Nxc5 Bxc5 20. Kh1 Bxe3 21.
Qxe3 a4 22. d6 Qxd6 23. Rad1 Qc7 24. Bxh7+ Kxh7 25. Qh3+ Kg8 26. Rxd7 Qxc4 27.
Rfd1 Rac8 28. Qf5 Qe2 29. Rg1 g6 30. Qf6 Qxb2 31. h4 Qxa3 32. h5 Rc1 33. Qxe5
Rxg1+ 34. Kxg1 Rc8 35. hxg6 Qc5+ 36. Qxc5 Rxc5 37. gxf7+ Kf8 38. Kf2 a3 39. Ke3
Re5+ 40. Kf4 Ra5 41. Rd1 Ra7 42. Rh1 Rxf7+ 43. Ke4 b5 44. Kd3 Rf2 45. Rb1 a2
46. Rh1 b4 47. Rh8+ Kg7 48. Ra8 b3 49. Kc3 b2 50. Rxa2 0-1

[Event "POL olympiad U14"]
[Site "Walbrzych"]
[Date "2013.??.??"]
[Round "6.4"]
[White "Lukasiewicz, Krzysztof"]
[Black "Muzyka, Dominik"]
[Result "1-0"]
[WhiteElo "1747"]
[BlackElo "1610"]
[PlyCount "101"]
[EventDate "2013.04.??"]
[EventType "team-swiss"]
[EventRounds "9"]
[EventCountry "GER"]
[SourceTitle "OM OTB B 201907"]
[Source "Opening Master"]
[SourceDate "2019.07.06"]
[SourceVersion "2"]
[SourceVersionDate "2019.07.06"]
[SourceQuality "1"]

1. e4 c5 2. Nf3 d6 3. d4 cxd4 4. Nxd4 Nf6 5. Nc3 Nc6 6. Be2 e5 7. Nb3 Be7 8.
O-O O-O 9. Be3 a5 10. Nd2 Be6 11. Nc4 Ne8 12. Nb6 Rb8 13. Nbd5 Nf6 14. Bb6 Qd7
15. Bb5 Bd8 16. Nxf6+ Bxf6 17. Bxa5 Qe7 18. Bb6 Nd4 19. Bd3 Rfc8 20. Nd5 Bxd5
21. exd5 g6 22. c3 Nf5 23. Qg4 Nh6 24. Qh3 Bg5 25. Be3 Bxe3 26. Qxe3 Nf5 27.
Qe2 Qg5 28. a4 Ne7 29. c4 f5 30. f4 Qf6 31. fxe5 dxe5 32. Kh1 Qd6 33. Qd2 f4
34. Rac1 Nf5 35. Bxf5 gxf5 36. b4 b6 37. a5 bxa5 38. c5 Qa6 39. d6 Qc6 40. bxa5
Rb5 41. Qc3 Rxc5 42. Qxc5 Qxc5 43. Rxc5 Rxc5 44. Rd1 Rc8 45. d7 Rd8 46. a6 Kf7
47. a7 Ke7 48. Kg1 e4 49. Kf2 h6 50. Ke2 h5 51. h4 1-0

[Event "POL olympiad U14"]
[Site "Walbrzych"]
[Date "2013.??.??"]
[Round "4.16"]
[White "Majocha, Piotr"]
[Black "Ochowicz, Jakub"]
[Result "1/2-1/2"]
[WhiteElo "1503"]
[BlackElo "1597"]
[PlyCount "87"]
[EventDate "2013.04.??"]
[EventType "team-swiss"]
[EventRounds "9"]
[EventCountry "GER"]
[SourceTitle "OM OTB B 201907"]
[Source "Opening Master"]
[SourceDate "2019.07.06"]
[SourceVersion "2"]
[SourceVersionDate "2019.07.06"]
[SourceQuality "1"]

1. e4 c5 2. Nf3 d6 3. d4 cxd4 4. Nxd4 Nf6 5. Nc3 Nc6 6. Be2 e5 7. Nf3 Be7 8.
O-O O-O 9. h3 h6 10. Be3 Be6 11. Qd2 a6 12. Rad1 Nb8 13. a3 Nbd7 14. Qc1 Qc7
15. Nd2 d5 16. exd5 Nxd5 17. Nxd5 Bxd5 18. Nf3 Be6 19. Rd2 Nf6 20. Rdd1 Rac8
21. c3 Bb3 22. Rde1 b5 23. Nd2 Bd5 24. Bf3 Rfd8 25. Bxd5 Nxd5 26. Nf3 Nxe3 27.
Qxe3 f6 28. Rd1 Bc5 29. Qe2 Qb6 30. Nd2 Qe6 31. Ne4 Bb6 32. Rxd8+ Rxd8 33. Rd1
Rd5 34. Rd2 Qd7 35. Qd1 Rxd2 36. Qxd2 Qxd2 37. Nxd2 Kf7 38. Kf1 Ke6 39. Ke2 f5
40. f3 g5 41. c4 bxc4 42. Nxc4 Ba7 43. Kd3 Kd5 44. Nd2 1/2-1/2

[Event "POL olympiad U14"]
[Site "Walbrzych"]
[Date "2013.??.??"]
[Round "4.1"]
[White "Lukasiewicz, Krzysztof"]
[Black "Gumularz, Szymon"]
[Result "0-1"]
[WhiteElo "1747"]
[BlackElo "1903"]
[PlyCount "92"]
[EventDate "2013.04.??"]
[EventType "team-swiss"]
[EventRounds "9"]
[EventCountry "GER"]
[SourceTitle "OM OTB B 201907"]
[Source "Opening Master"]
[SourceDate "2019.07.06"]
[SourceVersion "2"]
[SourceVersionDate "2019.07.06"]
[SourceQuality "1"]

1. e4 c5 2. Nf3 Nc6 3. d4 cxd4 4. Nxd4 Nf6 5. Nc3 d6 6. Be2 e5 7. Nb3 Be7 8.
Bg5 O-O 9. Bxf6 Bxf6 10. O-O Be6 11. Nd2 Nd4 12. Nc4 Bg5 13. Nd5 Bxd5 14. exd5
Nxe2+ 15. Qxe2 f5 16. Nd2 Qa5 17. Nf3 Bf6 18. c4 e4 19. Ne1 Rac8 20. a3 Qb6 21.
Nc2 Qxb2 22. Rab1 Qa2 23. Rxb7 Rxc4 24. Nd4 Qxe2 25. Nxe2 Ra4 26. Rb3 Rc8 27.
Nf4 Be5 28. Ne6 Ra5 29. Rd1 Rxd5 30. Rdb1 Kf7 31. Ng5+ Kg6 32. Nh3 Rdc5 33. g3
Rc1+ 34. Kg2 Rxb1 35. Rxb1 Rc3 36. a4 Rc4 37. a5 Rc5 38. a6 Rc6 39. f4 Bf6 40.
Re1 Rxa6 41. Nf2 Ra2 42. Kf1 Bd4 43. Nd1 Rxh2 44. g4 Rh1+ 45. Ke2 Rxe1+ 46.
Kxe1 fxg4 0-1

[Event "Piura op"]
[Site "Piura"]
[Date "2013.??.??"]
[Round "2"]
[White "Saavedra Valverde, Luis"]
[Black "Ascoy, Adolfo"]
[Result "1/2-1/2"]
[WhiteElo "1895"]
[BlackElo "2154"]
[PlyCount "31"]
[EventDate "2013.08.12"]
[EventType "swiss"]
[EventRounds "8"]
[EventCountry "PER"]
[SourceTitle "OM OTB B 201907"]
[Source "Opening Master"]
[SourceDate "2019.07.06"]
[SourceVersion "2"]
[SourceVersionDate "2019.07.06"]
[SourceQuality "1"]

1. e4 c5 2. Nf3 d6 3. d4 cxd4 4. Nxd4 Nf6 5. Nc3 Nc6 6. Be2 e5 7. Nb3 Be7 8.
Be3 O-O 9. f3 Be6 10. Qd2 a5 11. a4 Nb4 12. O-O d5 13. exd5 Nfxd5 14. Nxd5 Nxd5
15. Kh1 Nxe3 16. Qxe3 1/2-1/2

[Event "Makroregion KP-PO C17"]
[Site "?"]
[Date "2013.??.??"]
[Round "?"]
[White "Maciejewski, Mikolaj"]
[Black "Zwara, Szymon"]
[Result "1-0"]
[WhiteElo "1744"]
[BlackElo "1787"]
[PlyCount "119"]
[EventDate "2013.??.??"]
[SourceTitle "OM OTB B 201907"]
[Source "Opening Master"]
[SourceDate "2019.07.06"]
[SourceVersion "2"]
[SourceVersionDate "2019.07.06"]
[SourceQuality "1"]

1. e4 c5 2. Nf3 Nc6 3. d4 cxd4 4. Nxd4 Nf6 5. Nc3 d6 6. Be2 e5 7. Nb3 Be7 8.
Be3 O-O 9. O-O Be6 10. Kh1 a5 11. f4 a4 12. f5 Bd7 13. Nd2 Nd4 14. Bd3 Bc6 15.
Nf3 Nxf5 16. exf5 e4 17. Be2 exf3 18. Bxf3 d5 19. Bd4 a3 20. b3 Ne4 21. Qd3 Bf6
22. Bxf6 Qxf6 23. Nxe4 dxe4 24. Bxe4 Rad8 25. Qf3 Rfe8 26. Bxc6 bxc6 27. Rfe1
Rxe1+ 28. Rxe1 Qb2 29. Qxc6 h6 30. h3 Qxa2 31. Qc3 Ra8 32. Kh2 Qb2 33. Qxb2
axb2 34. Rb1 Ra2 35. Kg3 f6 36. Kf4 Kf7 37. Ke4 Ke7 38. Kd4 Kd6 39. c4 h5 40.
g3 Ra5 41. g4 hxg4 42. hxg4 Ra1 43. Rxb2 Rg1 44. Re2 Rxg4+ 45. Re4 Rg3 46. b4
Rf3 47. c5+ Kd7 48. Rg4 Rxf5 49. Rxg7+ Kc6 50. Ra7 Rf4+ 51. Kc3 Rf3+ 52. Kc4
Rf4+ 53. Kb3 Rf3+ 54. Ka4 Rf1 55. Ra6+ Kc7 56. Kb5 f5 57. Ra7+ Kb8 58. Rf7 f4
59. Kb6 Kc8 60. c6 1-0

[Event "Krakow op-B 23rd"]
[Site "Krakow"]
[Date "2012.12.30"]
[Round "5"]
[White "Pietrucha, Jaroslaw"]
[Black "Gluszko, Monika"]
[Result "0-1"]
[WhiteElo "1835"]
[BlackElo "1951"]
[PlyCount "178"]
[EventDate "2012.12.27"]
[EventType "swiss"]
[EventRounds "9"]
[EventCountry "POL"]
[SourceTitle "OM OTB B 201907"]
[Source "Opening Master"]
[SourceDate "2019.07.06"]
[SourceVersion "2"]
[SourceVersionDate "2019.07.06"]
[SourceQuality "1"]

1. e4 c5 2. Nf3 Nc6 3. d4 cxd4 4. Nxd4 Nf6 5. Nc3 d6 6. Be2 e5 7. Nb3 Be7 8.
O-O a5 9. Be3 a4 10. Nd2 d5 11. exd5 Nxd5 12. Nxd5 Qxd5 13. Bf3 Qe6 14. c4 O-O
15. a3 Kh8 16. Bd5 Qg6 17. f4 f5 18. Nf3 e4 19. Nd4 Nxd4 20. Qxd4 Rd8 21. Qc3
Be6 22. Rad1 Rac8 23. Qa5 Bxd5 24. Rxd5 Rxd5 25. Qxd5 Qc6 26. Qxf5 Bf6 27. Rd1
Bxb2 28. Qd7 Qxc4 29. Bd4 Bxd4+ 30. Rxd4 Qc1+ 31. Rd1 Qe3+ 32. Kh1 Rf8 33. Qxa4
Qxf4 34. h3 h6 35. Re1 Qg3 36. Qxe4 b5 37. Qe7 Rc8 38. Qe3 Qh4 39. Qe4 Qf2 40.
Qe2 Qc5 41. Rb1 Rb8 42. Qb2 Re8 43. Rc1 Qd5 44. Qc2 Qd6 45. Qb2 Qd3 46. Qc3 Qd5
47. Qc2 Rf8 48. Rd1 Qe5 49. Qd2 Qc5 50. Qc1 Qc4 51. Qxc4 bxc4 52. Rc1 Rc8 53.
a4 Kg8 54. Kg1 Kf7 55. Kf2 Ke6 56. Ke3 Kd5 57. Rb1 Re8+ 58. Kd2 Kd4 59. Rb7 c3+
60. Kd1 g5 61. Rh7 Re6 62. Rf7 Ra6 63. Rd7+ Kc4 64. Kc2 Rxa4 65. Rc7+ Kd4 66.
Rd7+ Ke3 67. Kxc3 Kf2 68. Rd2+ Kg3 69. Kd3 Rf4 70. Ke3 Rf1 71. Ke4 Rf4+ 72. Ke3
Rf8 73. Ke4 h5 74. Rd5 Rg8 75. Rd2 g4 76. hxg4 hxg4 77. Kf5 Rf8+ 78. Kg5 Rg8+
79. Kf5 Kh2 80. Kf4 g3 81. Kf3 Rf8+ 82. Ke3 Kg1 83. Ke4 Rf2 84. Rd3 Kxg2 85.
Rd1 Re2+ 86. Kf4 Kf2 87. Rh1 g2 88. Rh2 Re1 89. Kg4 Rh1 0-1

[Event "Groningen op-A 50th"]
[Site "Groningen"]
[Date "2012.12.28"]
[Round "7"]
[White "Barua, Dibyendu"]
[Black "Burg, Twan"]
[Result "1-0"]
[WhiteElo "2410"]
[BlackElo "2498"]
[PlyCount "127"]
[EventDate "2012.12.21"]
[EventType "swiss"]
[EventRounds "9"]
[EventCountry "NED"]
[SourceTitle "OM OTB B 201907"]
[Source "Opening Master"]
[SourceDate "2019.07.06"]
[SourceVersion "2"]
[SourceVersionDate "2019.07.06"]
[SourceQuality "1"]

1. e4 c5 2. Nf3 d6 3. d4 cxd4 4. Nxd4 Nf6 5. Nc3 Nc6 6. Be2 e5 7. Nf3 h6 8. O-O
Be7 9. h3 O-O 10. Re1 a6 11. Bf1 Qc7 12. Nd5 Nxd5 13. exd5 Nb8 14. c4 a5 15. b3
Na6 16. Bb2 Nc5 17. Bc3 Bf5 18. Qd2 Bg6 19. Qb2 f5 20. a3 Bf6 21. b4 Na4 22.
Qb3 Nxc3 23. Qxc3 axb4 24. axb4 Rxa1 25. Rxa1 Bf7 26. Rd1 b6 27. Qc2 g6 28. Qd2
Kh7 29. Ra1 Qb7 30. b5 Re8 31. Ra6 Qc7 32. Ne1 Bg5 33. Qa2 Re7 34. Nc2 e4 35.
Nd4 Qc5 36. Nc6 Re8 37. Ra7 Kg8 38. Qa3 Qxa3 39. Rxa3 e3 40. Be2 exf2+ 41. Kxf2
f4 42. Ke1 Bh4+ 43. Kd1 Bf2 44. Ra7 Kg7 45. Rd7 Ra8 46. Bf3 Bc5 47. Nd8 Rxd8
48. Rxd8 g5 49. Be4 h5 50. Ke2 h4 51. Kd3 Kf6 52. Rd7 Bb4 53. Rc7 Bc5 54. Bh7
Bh5 55. Be4 Bf7 56. Ra7 Bb4 57. Ra8 Bc5 58. Rh8 Ke5 59. Rh7 Kf6 60. Ke2 Be8 61.
Kf3 Bf7 62. Kg4 Bb4 63. Rh6+ Ke5 64. Bf3 1-0

[Event "Siebenlehn op 13th"]
[Site "Siebenlehn"]
[Date "2012.12.28"]
[Round "4"]
[White "Womacka, Mathias"]
[Black "Fuchs, Florian"]
[Result "1/2-1/2"]
[WhiteElo "2442"]
[BlackElo "2120"]
[PlyCount "130"]
[EventDate "2012.12.27"]
[EventType "swiss"]
[EventRounds "7"]
[EventCountry "GER"]
[SourceTitle "OM OTB B 201907"]
[Source "Opening Master"]
[SourceDate "2019.07.06"]
[SourceVersion "2"]
[SourceVersionDate "2019.07.06"]
[SourceQuality "1"]

1. e4 c5 2. Nf3 Nc6 3. d4 cxd4 4. Nxd4 Nf6 5. Nc3 d6 6. Be2 e5 7. Nf3 h6 8. O-O
Be7 9. Re1 O-O 10. h3 Be6 11. Bf1 Nb8 12. b3 Nbd7 13. Bb2 a6 14. a4 Rc8 15. Nd2
Nc5 16. a5 Re8 17. Nc4 Nfxe4 18. Nxe4 Nxe4 19. Nb6 Nc3 20. Qf3 e4 21. Qg3 Bh4
22. Qe3 Bg5 23. Qg3 e3 24. Rxe3 Bxe3 25. Qxe3 Qf6 26. Nxc8 Rxc8 27. Kh1 d5 28.
Ra4 Nd1 29. Bxf6 Nxe3 30. fxe3 gxf6 31. Bd3 Rc5 32. Kg1 Bd7 33. Rf4 Rxa5 34.
Rxf6 Kg7 35. Rd6 Be6 36. Rb6 Bc8 37. g4 Rc5 38. Kf2 Rc6 39. Rxc6 bxc6 40. e4
Kf6 41. exd5 cxd5 42. Kg3 a5 43. Kf4 Bd7 44. Bf5 a4 45. bxa4 Bxa4 46. h4 Bb5
47. g5+ Kg7 48. c3 hxg5+ 49. Kxg5 Bc4 50. Bg4 f6+ 51. Kf4 Kg6 52. Bf3 Bb3 53.
Ke3 Kf5 54. Kd4 Kf4 55. Bxd5 Bd1 56. c4 Kg4 57. c5 Ba4 58. Ke3 Kxh4 59. Kf4 Bd7
60. Be4 Kh5 61. Bf5 Bc6 62. Bd3 Bd7 63. Ke4 Kg4 64. Kd5 f5 65. Kd6 Ba4 1/2-1/2

[Event "Nantes op 11th"]
[Site "Nantes"]
[Date "2012.12.28"]
[Round "3"]
[White "Picard, Remi"]
[Black "Lalic, Bogdan"]
[Result "0-1"]
[WhiteElo "2104"]
[BlackElo "2484"]
[PlyCount "116"]
[EventDate "2012.12.27"]
[EventType "swiss"]
[EventRounds "7"]
[EventCountry "FRA"]
[SourceTitle "OM OTB B 201907"]
[Source "Opening Master"]
[SourceDate "2019.07.06"]
[SourceVersion "2"]
[SourceVersionDate "2019.07.06"]
[SourceQuality "1"]

1. e4 c5 2. Nf3 Nc6 3. d4 cxd4 4. Nxd4 Nf6 5. Nc3 d6 6. Be2 e5 7. Nf3 h6 8. O-O
Be7 9. Re1 O-O 10. h3 Be6 11. Bf1 Nb8 12. b3 Nbd7 13. Bb2 a6 14. a4 Rc8 15. Nd2
Qa5 16. Nc4 Bxc4 17. Bxc4 Nb6 18. Nd5 Nfxd5 19. Bxd5 Nxd5 20. exd5 Bg5 21. Re2
f5 22. c4 f4 23. f3 Bd8 24. Qd3 Bb6+ 25. Kh1 Bc5 26. Bc3 Qc7 27. a5 Qd7 28. b4
Be3 29. Rc2 Qf5 30. Qxf5 Rxf5 31. Bb2 Rf7 32. c5 dxc5 33. Bxe5 Rf5 34. Bd6 Rxd5
35. Bxc5 Rc6 36. Rb2 Bxc5 37. bxc5 Rcxc5 38. Rxb7 Rxa5 39. Rxa5 Rxa5 40. Rb4
Rf5 41. Kh2 a5 42. Ra4 Kf7 43. g3 fxg3+ 44. Kxg3 Ke6 45. h4 Kd6 46. Re4 Rf7 47.
Ra4 Ra7 48. Kg4 Kc5 49. f4 Kb5 50. Ra1 a4 51. f5 a3 52. f6 gxf6 53. Kh5 Ra4 54.
Kg6 Rg4+ 55. Kf5 Rg3 56. Rb1+ Ka4 57. Rb8 a2 58. h5 Rg5+ 0-1